| 000 | 00799nam a2200217 i 4500 | ||
|---|---|---|---|
| 001 | 39294 | ||
| 003 | ES-MaACL | ||
| 005 | 20230906155934.0 | ||
| 007 | t| | ||
| 008 | 030227s1961 sp ||||1| spa d | ||
| 080 | _a929 Churruca y Brunet, Evaristo de, conde de Motrico | ||
| 100 | 1 |
_aCalle Iturrino, Esteban. _933706 |
|
| 245 | 1 | 0 |
_aD. Evaristo de Churruca y Brunet, primer conde de Motrico : _bhéroe civil, vencedor del mar y propulsor de la prosperidad económica de Vizcaya / _cE. Calle Iturrino. |
| 260 |
_aBilbao : _bJunta de Cultura de Vizcaya, _c1961. |
||
| 300 |
_a207 p., 32 lám. ; _c21 cm. |
||
| 600 | 1 | 4 |
_aChurruca, Evaristo de. _938713 |
| 710 | 1 |
_aJunta de Cultura de Vizcaya. _95386 |
|
| 852 | 4 |
_aES-MaACL _jC-20446 |
|
| 852 | 4 |
_aES-MaACL _jC-21623 |
|
| 852 | 4 |
_aES-MaACL _jC-56512 |
|
| 999 |
_c39294 _d39294 |
||